Normal view
MARC view
Entry Personal Name
001 - CONTROL NUMBER
- control field: 9591
003 - CONTROL NUMBER IDENTIFIER
- control field: OSt
005 - DATE AND TIME OF LATEST TRANSACTION
- control field: 20160624180254.0
008 - FIXED-LENGTH DATA ELEMENTS
- fixed length control field: 160624|| aca||aabn | a|a d
040 ## - CATALOGING SOURCE
- Original cataloging agency: OSt
- Transcribing agency: OSt
100 ## - HEADING--PERSONAL NAME
- Personal name: Boyd, James C.,
670 ## - SOURCE DATA FOUND
- Source citation: Work cat.: (OSt)4466: Harris, Eugene K., 9587, Statistical bases of reference values in laboratory medicine /, 1995.
